[Event "IECG CP.2005.P.00135"]
[Site "IECG email"]
[Date "2005.10.01"]
[Round "?"]
[White "Barnett, Matthew"]
[Black "Van Gysel, Marc"]
[Result "1-0"]
[WhiteElo "2140"]
[BlackElo "2134"]
[PlyCount "113"]
[EventDate "2005.10.01"]
[EventType "tourn (corr)"]
[EventRounds "6"]
[SourceTitle "Corr 2008"]
[Source "ChessBase"]
[SourceDate "2008.06.24"]
[SourceVersion "1"]
[SourceVersionDate "2008.06.24"]
[SourceQuality "1"]

1. e4 e6 2. d4 d5 3. Nd2 c5 4. Ngf3 cxd4 5. exd5 Qxd5 6. Bc4 Qd6 7. Qe2 Nf6 8. Nb3 Nc6 9. Bg5 a6 10. 0-0-0 b5 11. Bd3 Be7 12. Kb1 e5 13. Bxf6 gxf6 14. Nh4 Be6 15. Nf5 Qc7 16. Ng7+ Kf8 17. Nxe6+ fxe6 18. f4 Rc8 19. f5 Nd8 20. fxe6 Nxe6 21. Rhf1 Rd8 22. Qh5 Nf4 23. Qh6+ Kf7 24. Bf5 Bf8 25. Qh4 h5 26. Nxd4 Bh6 27. Nf3 Rhg8 28. a3 Rd6 29. Rxd6 Qxd6 30. Qf2 Nxg2 31. Qa7+ Kf8 32. Be4 Ne3 33. Rf2 b4 34. axb4 Qe7 35. Qxa6 Kf7 36. b5 Bf4 37. b6 f5 38. b7 fxe4 39. Qa2+ Kg7 40. Qxg8+ Kxg8 41. b8Q+ Kh7 42. Ne1 Nc4 43. b3 Nd2+ 44. Ka2 e3 45. Rg2 Qf7 46. Nd3 Ne4 47. Nxf4 Nc3+ 48. Kb2 exf4 49. Qe5 Nd5 50. Rg5 Qf6 51. Kc1 Qxe5 52. Rxe5 Nc3 53. b4 Na2+ 54. Kd1 Nxb4 55. Re4 Nd5 56. Rd4 Nc3+ 57. Ke1 1-0

[Event "IECG CP.2003.Q.00023 email"]
[Site "IECG email"]
[Date "2005.01.15"]
[Round "?"]
[White "Sapronov, Vitaliy S"]
[Black "Barnett, Matthew"]
[Result "1/2-1/2"]
[WhiteElo "1970"]
[BlackElo "2113"]
[PlyCount "64"]
[EventDate "2005.01.15"]
[EventType "tourn (corr)"]
[EventRounds "6"]
[SourceTitle "Corr 2008"]
[Source "ChessBase"]
[SourceDate "2008.06.24"]
[SourceVersion "1"]
[SourceVersionDate "2008.06.24"]
[SourceQuality "1"]

1. d4 d5 2. Nf3 Nf6 3. Bf4 c5 4. e3 Nc6 5. c3 Qb6 6. Qb3 c4 7. Qxb6 axb6 8. Nbd2 b5 9. Be2 Bf5 10. Ne5 h6 11. a3 g5 12. Bg3 h5 13. h4 g4 14. Bf4 Nd8 15. f3 Ne6 16. Bg5 gxf3 17. gxf3 Bh7 18. Rg1 Ng8 19. f4 Bf5 20. Bf3 Nf6 21. Bxf6 exf6 22. Bxd5 fxe5 23. Bxb7 Rb8 24. Bc6+ Kd8 25. fxe5 Be7 26. Rh1 Rg8 27. Bf3 Kd7 28. 0-0-0 Bd3 29. Bxh5 Rg3 30. Bf3 Rh8 31. h5 Ng5 32. Bd5 Rxe3 1/2-1/2

[Event "IECG CP.2003.Q.00023 email"]
[Site "IECG email"]
[Date "2005.01.15"]
[Round "?"]
[White "Wheeler, James M"]
[Black "Barnett, Matthew"]
[Result "1/2-1/2"]
[WhiteElo "2222"]
[BlackElo "2113"]
[PlyCount "61"]
[EventDate "2005.01.15"]
[EventType "tourn (corr)"]
[EventRounds "6"]
[SourceTitle "Corr 2008"]
[Source "ChessBase"]
[SourceDate "2008.06.24"]
[SourceVersion "1"]
[SourceVersionDate "2008.06.24"]
[SourceQuality "1"]

1. e4 c5 2. Nf3 d6 3. d4 cxd4 4. Nxd4 Nf6 5. Nc3 a6 6. Bg5 Nc6 7. Qd2 e6 8. 0-0-0 Bd7 9. f4 h6 10. Bh4 b5 11. Qe1 Nxd4 12. Rxd4 Qb6 13. Bf2 Rc8 14. Rc4 Qa5 15. Rxc8+ Bxc8 16. a3 Be7 17. Bd3 0-0 18. Bh4 Qd8 19. Rg1 d5 20. e5 Nd7 21. Bxe7 Qxe7 22. g4 Nc5 23. Bf1 Qc7 24. Kb1 Qb6 25. g5 Ne4 26. Rg2 hxg5 27. Nxe4 dxe4 28. Rxg5 Bb7 29. Qg3 g6 30. Rxg6+ fxg6 31. Qxg6+ 1/2-1/2

[Event "IECG CP.2002.Q.00001 email"]
[Site "IECG email"]
[Date "2003.10.01"]
[Round "?"]
[White "Sukhov, Nick"]
[Black "Barnett, Matthew"]
[Result "1/2-1/2"]
[WhiteElo "2470"]
[BlackElo "2116"]
[PlyCount "95"]
[EventDate "2003.10.01"]
[EventType "tourn (corr)"]
[EventRounds "10"]
[SourceTitle "Corr 2008"]
[Source "ChessBase"]
[SourceDate "2008.06.24"]
[SourceVersion "1"]
[SourceVersionDate "2008.06.24"]
[SourceQuality "1"]

1. e4 c5 2. Nf3 d6 3. d4 cxd4 4. Nxd4 Nf6 5. Nc3 a6 6. f4 e6 7. Be2 Be7 8. Be3 0-0 9. 0-0 Qc7 10. Qe1 b5 11. a3 Bb7 12. Bf3 Nc6 13. Rd1 Rac8 14. Nxc6 Bxc6 15. Qg3 d5 16. e5 Nd7 17. Bg4 b4 18. axb4 Bxb4 19. Bd4 Bxc3 20. Bxc3 Nc5 21. Bf3 Bb5 22. Rf2 Rfd8 23. Rfd2 Rd7 24. Qe1 a5 25. Qe3 a4 26. Bd4 h6 27. b3 axb3 28. cxb3 Ne4 29. Bxe4 dxe4 30. Qxe4 Bc6 31. Qe3 Qb7 32. Bc5 Rxd2 33. Rxd2 Ra8 34. Qc3 Bd5 35. b4 Ra4 36. h3 Qa6 37. Qd3 Qxd3 38. Rxd3 Ra1+ 39. Kh2 Ra2 40. Rg3 Rc2 41. Be7 Kh7 42. Bf8 g6 43. Be7 Rc4 44. Kg1 Rxf4 45. Re3 g5 46. Re2 Bc4 47. Rf2 Kg6 48. Rxf4 1/2-1/2

[Event "IECC CL3-2003.09 email"]
[Site "IECC email"]
[Date "2003.04.10"]
[Round "?"]
[White "Sanfrutos Lopez, Francisco Javier"]
[Black "Barnett, Matthew"]
[Result "1-0"]
[WhiteElo "2011"]
[BlackElo "2018"]
[PlyCount "59"]
[EventDate "2003.??.??"]
[EventType "tourn (corr)"]
[EventRounds "4"]
[SourceTitle "Corr 2008"]
[Source "ChessBase"]
[SourceDate "2008.06.24"]
[SourceVersion "1"]
[SourceVersionDate "2008.06.24"]
[SourceQuality "1"]

1. b3 e5 2. Bb2 Nc6 3. e3 d5 4. Bb5 Bd6 5. c4 dxc4 6. Bxc4 Nf6 7. Ne2 0-0 8. Nbc3 a6 9. Ng3 b5 10. Be2 Be6 11. 0-0 Qd7 12. Rc1 Rad8 13. d3 Nb4 14. a3 Nbd5 15. Nce4 Nxe4 16. Nxe4 a5 17. d4 b4 18. axb4 axb4 19. Nxd6 cxd6 20. dxe5 dxe5 21. Bxe5 f6 22. Bd4 Rfe8 23. Bc4 Qf7 24. Qf3 Kh8 25. Rfd1 Rc8 26. h3 Red8 27. Bb2 f5 28. Rd3 Rd7 29. Rcd1 Rcd8 30. Be5 1-0

[Event "IECG CP.2002.P.00064 email"]
[Site "IECG email"]
[Date "2002.10.01"]
[Round "?"]
[White "Barnett, Matthew"]
[Black "Huizer, Mark A"]
[Result "1/2-1/2"]
[WhiteElo "2070"]
[BlackElo "1909"]
[PlyCount "75"]
[EventDate "2002.10.01"]
[EventType "tourn (corr)"]
[EventRounds "6"]
[EventCountry "ENG"]
[SourceTitle "Corr 2008"]
[Source "ChessBase"]
[SourceDate "2008.06.24"]
[SourceVersion "1"]
[SourceVersionDate "2008.06.24"]
[SourceQuality "1"]

1. e4 c5 2. c3 d6 3. d4 Nf6 4. Bd3 cxd4 5. cxd4 g6 6. Nc3 Bg7 7. h3 0-0 8. Nf3 Nc6 9. Be3 e5 10. 0-0 exd4 11. Nxd4 d5 12. exd5 Nxd5 13. Nxd5 Qxd5 14. Nxc6 Qxc6 15. Rc1 Qf6 16. b4 Be6 17. Be4 a5 18. b5 Rfd8 19. Qe2 Bf5 20. Bxb7 Rab8 21. Qf3 Bd3 22. Rfd1 Bxb5 23. Rxd8+ Rxd8 24. Qxf6 Bxf6 25. Rc5 Rd1+ 26. Kh2 Rb1 27. Bh6 Bd7 28. Rxa5 Be5+ 29. Rxe5 Rxb7 30. Kg3 Be6 31. a4 Rd7 32. Rc5 f5 33. a5 Ra7 34. h4 Kf7 35. h5 gxh5 36. Kh4 Kg6 37. Be3 Ra6 38. Kg3 1/2-1/2

[Event "IECG CA.2002.0.00036 email"]
[Site "IECG email"]
[Date "2002.02.13"]
[Round "?"]
[White "Barnett, Matthew"]
[Black "Perez, Maria Jose"]
[Result "1/2-1/2"]
[WhiteElo "2000"]
[BlackElo "1888"]
[PlyCount "90"]
[EventDate "2002.02.13"]
[EventType "tourn (corr)"]
[EventRounds "5"]
[SourceTitle "Corr 2008"]
[Source "ChessBase"]
[SourceDate "2008.06.24"]
[SourceVersion "1"]
[SourceVersionDate "2008.06.24"]
[SourceQuality "1"]

1. d4 Nf6 2. c4 e6 3. Nf3 b6 4. Nc3 Bb4 5. Bg5 h6 6. Bh4 Bb7 7. e3 g5 8. Bg3 Ne4 9. Qc2 Bxc3+ 10. bxc3 d6 11. Bd3 f5 12. d5 Nd7 13. Bxe4 fxe4 14. Qxe4 Qf6 15. 0-0 0-0-0 16. Qxe6 Qxe6 17. dxe6 Nc5 18. Nd4 Rde8 19. f3 Ba6 20. Nb5 Rxe6 21. e4 Kb8 22. a4 g4 23. a5 gxf3 24. axb6 axb6 25. gxf3 h5 26. h4 Rf8 27. Kg2 Kb7 28. Ra2 Rg6 29. Rg1 Nd3 30. Rxa6 Kxa6 31. Nxc7+ Kb7 32. Nd5 Rf7 33. Rh1 Rfg7 34. Rh3 Kc6 35. f4 Re6 36. Kf3 Nc5 37. Bf2 Nxe4 38. Be3 Rg8 39. Nb4+ Kb7 40. Nd5 Rc8 41. Rh2 Rxc4 42. Bd4 Rc8 43. Rg2 Rf8 44. c4 Kc6 45. Nb4+ Kd7 1/2-1/2

[Event "IECG CA.2002.0.00036 email"]
[Site "IECG email"]
[Date "2002.02.13"]
[Round "?"]
[White "Monasterio, Manuel Gerardo"]
[Black "Barnett, Matthew"]
[Result "1/2-1/2"]
[WhiteElo "2135"]
[BlackElo "2000"]
[PlyCount "54"]
[EventDate "2002.02.13"]
[EventType "tourn (corr)"]
[EventRounds "5"]
[SourceTitle "Corr 2008"]
[Source "ChessBase"]
[SourceDate "2008.06.24"]
[SourceVersion "1"]
[SourceVersionDate "2008.06.24"]
[SourceQuality "1"]

1. e4 c5 2. Nf3 d6 3. d4 cxd4 4. Nxd4 Nf6 5. Nc3 g6 6. Be3 Bg7 7. f3 Nc6 8. Qd2 0-0 9. 0-0-0 Nxd4 10. Bxd4 Be6 11. Kb1 Qc7 12. Nd5 Bxd5 13. exd5 Rac8 14. Rc1 Ne8 15. Bxg7 Nxg7 16. f4 e5 17. dxe6 fxe6 18. g3 Qb6 19. c4 Rc7 20. Bh3 a5 21. Rhe1 Qc5 22. Qe3 Qxe3 23. Rxe3 Kf7 24. Rce1 Re8 25. b3 Rc5 26. Rd1 Ke7 27. Re2 b5 1/2-1/2